书目信息 |
| 题名: |
政治道德沦
|
|
| 作者: | 浮田和民 著 ;陈重民 编译 | |
| 分册: | ||
| 出版信息: | 上海 上海社会科学院出版社 2017 |
|
| 页数: | 122页 | |
| 开本: | 23cm | |
| 丛书名: | 民国西学要籍汉译文献 | |
| 单 册: | ||
| 中图分类: | B82-051 | |
| 科图分类: | ||
| 主题词: | 政治--道德--研究 | |
| 电子资源: | ||
| ISBN: | 978-7-5520-1764-9 | |
| 000 | 01111oam2 2200313 450 | |
| 001 | 012001002704 | |
| 005 | 20140926114740.0 | |
| 010 | @a978-7-5520-1764-9@b精装@dCNY54.00 | |
| 100 | @a20170905d2017 em y0chiy50 ea | |
| 101 | 1 | @achi@cjpn |
| 102 | @aCN@b310000 | |
| 105 | @ay z 000yy | |
| 106 | @ar | |
| 200 | 1 | @a政治道德沦@9zheng zhi dao de lun@f(日)浮田和民著@g陈重民编译 |
| 205 | @a[影印版] | |
| 210 | @a上海@c上海社会科学院出版社@d2017 | |
| 215 | @a122页@d23cm | |
| 225 | 2 | @a民国西学要籍汉译文献@i伦理学@v1 |
| 300 | @a中国国家图书馆藏 | |
| 305 | @a中华民国八年十二月初版 | |
| 330 | @a本书为《民国西学要籍汉译文献·伦理学》其中一本, 分政治与道德的关系、普通道德与特殊道德,政治道德之意义、关于国体之道德、关于政体之道德、立宪的道德、立宪教育、立宪上之权利等8章,阐述政治道德的原则。 | |
| 461 | 0 | @12001 @a民国西学要籍汉译文献 |
| 462 | 0 | @12001 @a伦理学 |
| 606 | 0 | @a政治@x道德@x研究 |
| 690 | @aB82-051@v5 | |
| 701 | 0 | @c(日)@a浮田和民@9fu tian he min@4著 |
| 702 | 0 | @a陈重民@9CHEN ZHONG MIN@4编译 |
| 801 | 0 | @aCN@b上海新华@c20180901 |
| 905 | @b1161347-51@dB82-051@e1236@f5 | |
| 政治道德沦/(日)浮田和民著/陈重民编译.-[影印版].-上海:上海社会科学院出版社,2017 |
| 122页;23cm.-(民国西学要籍汉译文献.伦理学;1) |
| 中国国家图书馆藏 |
| ISBN 978-7-5520-1764-9(精装):CNY54.00 |
| 本书为《民国西学要籍汉译文献·伦理学》其中一本, 分政治与道德的关系、普通道德与特殊道德,政治道德之意义、关于国体之道德、关于政体之道德、立宪的道德、立宪教育、立宪上之权利等8章,阐述政治道德的原则。 |
| ● |
| 相关链接 |
|
|
|
|
正题名:政治道德沦
索取号:B82-051/1236
 
预约/预借
| 序号 | 登录号 | 条形码 | 馆藏地/架位号 | 状态 | 备注 |
| 1 | 1161347 | 211613477 | 第一样本阅览室/ [索取号:B82-051/1236] | 在馆 | |
| 2 | 1161348 | 211613486 | 第一借阅区/ [索取号:B82-051/1236] | 在馆 | |
| 3 | 1161349 | 211613495 | 第一借阅区/ [索取号:B82-051/1236] | 在馆 | |
| 4 | 1161350 | 211613501 | 第一借阅区/ [索取号:B82-051/1236] | 在馆 | |
| 5 | 1161351 | 211613510 | 第一借阅区/ [索取号:B82-051/1236] | 在馆 |